Taittiriya samhita with the padapatha and the commentaries of bhatta bhaskara misra and sayanacarya vol.IV part I (kanda VI along with the commentary of bhatta bhaskara misra)/ (Record no. 45876)

000 -LEADER
fixed length control field 00538nam a22001451a 4500
082 ## - DEWEY DECIMAL CLASSIFICATION NUMBER
Classification number S 294.592 1
Item number DHA/T
245 ## - TITLE STATEMENT
Title Taittiriya samhita with the padapatha and the commentaries of bhatta bhaskara misra and sayanacarya vol.IV part I (kanda VI along with the commentary of bhatta bhaskara misra)/
Statement of responsibility, etc by Dharmadhikari T N (ed.)
260 ## - PUBLICATION, DISTRIBUTION, ETC. (IMPRINT)
Place of publication Pune:
Name of publisher Adarsha Sanskrit Shodha Samstha,
Year of publication 2006.
300 ## - PHYSICAL DESCRIPTION
Number of Pages 375p.
650 ## - SUBJECT ADDED ENTRY--TOPICAL TERM
Topical Term Vedic Literature
650 ## - SUBJECT ADDED ENTRY--TOPICAL TERM
Topical Term Hinduism
650 ## - SUBJECT ADDED ENTRY--TOPICAL TERM
Topical Term Religion
700 ## - ADDED ENTRY--PERSONAL NAME
Personal name Dharmadhikari T N (ed.)
942 ## - ADDED ENTRY ELEMENTS (KOHA)
Koha item type Book
Holdings
Withdrawn status Lost status Damaged status Not for loan Permanent Location Current Location Date acquired Cost, normal purchase price Full call number Accession Number Cost, replacement price Price effective from Koha item type
        Sree Sankaracharya University of Sanskrit Sree Sankaracharya University of Sanskrit 08.01.2015 350.00 S 294.592 1 DHA/T 056624 0.00 08.01.2015 Book